The Reformed family worldwide : (Record no. 39528)
[ view plain ]
| 000 -LEADER | |
|---|---|
| fixed length control field | 01325cam a2200289 a 4500 |
| 001 - CONTROL NUMBER | |
| control field | 2616718 |
| 005 - DATE AND TIME OF LATEST TRANSACTION | |
| control field | 19990406131738.5 |
| 008 - FIXED-LENGTH DATA ELEMENTS--GENERAL INFORMATION | |
| fixed length control field | 980915s1999 miuab b 000 0 eng |
| 010 ## - LIBRARY OF CONGRESS CONTROL NUMBER | |
| LC control number | 98037771 |
| 020 ## - INTERNATIONAL STANDARD BOOK NUMBER | |
| International Standard Book Number | 0802844960 (pbk. : alk. paper) |
| 040 ## - CATALOGING SOURCE | |
| Original cataloging agency | DLC |
| Transcribing agency | DLC |
| Modifying agency | DLC |
| 050 00 - LIBRARY OF CONGRESS CALL NUMBER | |
| Classification number | REF BX9422.2 |
| Item number | .R44 1999 |
| 082 00 - DEWEY DECIMAL CLASSIFICATION NUMBER | |
| Classification number | 284/.2 |
| Edition number | 21 |
| 245 04 - TITLE STATEMENT | |
| Title | The Reformed family worldwide : |
| Remainder of title | a survey of Reformed Churches, theological schools, and international organizations / |
| Statement of responsibility, etc | compiled and edited by Jean-Jacques Bauswein and Lukas Vischer. |
| 260 ## - PUBLICATION, DISTRIBUTION, ETC. (IMPRINT) | |
| Place of publication, distribution, etc | Grand Rapids, Mich. : |
| Name of publisher, distributor, etc | W.B. Eerdmans, |
| Date of publication, distribution, etc | c1999. |
| 300 ## - PHYSICAL DESCRIPTION | |
| Extent | xiii, 740 p. : |
| Other physical details | ill., maps ; |
| Dimensions | 24 cm. |
| 500 ## - GENERAL NOTE | |
| General note | "A project of the International Reformed Center John Knox, Geneva, Switzerland. |
| 504 ## - BIBLIOGRAPHY, ETC. NOTE | |
| Bibliography, etc | Includes bibliographical references. |
| 650 #0 - SUBJECT ADDED ENTRY--TOPICAL TERM | |
| Topical term or geographic name as entry element | Reformed Church. |
| 700 1# - ADDED ENTRY--PERSONAL NAME | |
| Personal name | Bauswein, Jean-Jacques. |
| 700 1# - ADDED ENTRY--PERSONAL NAME | |
| Personal name | Vischer, Lukas. |
| 710 2# - ADDED ENTRY--CORPORATE NAME | |
| Corporate name or jurisdiction name as entry element | International Reformed Center John Knox. |
| 906 ## - LOCAL DATA ELEMENT F, LDF (RLIN) | |
| a | 7 |
| b | cbc |
| c | orignew |
| d | 1 |
| e | ocip |
| f | 19 |
| g | y-gencatlg |
| 942 ## - ADDED ENTRY ELEMENTS (KOHA) | |
| Source of classification or shelving scheme | Library of Congress Classification |
| Item type | Book |
| Withdrawn status | Lost status | Source of classification or shelving scheme | Damaged status | Not for loan | Collection code | Home library | Current library | Shelving location | Date acquired | Source of acquisition | Total Checkouts | Full call number | Barcode | Copy number | Price effective from | Koha item type |
|---|---|---|---|---|---|---|---|---|---|---|---|---|---|---|---|---|
| Library of Congress Classification | Not For Loan | Non-fiction | Bishop Okullu Memorial Library (Limuru Campus) | Bishop Okullu Memorial Library (Limuru Campus) | Reference | 12/10/2011 | urchase | REF BX9422.2 .R44 1999 | 028746 | 1 | 12/10/2011 | Book |